000 00744nam a2200205Ia 4500
003 0
005 20250128082359.0
008 150126s9999 xx 000 0 und d
050 _aPGS BJ 1533.M3
_b.P438 2014
100 _aPerez, Hannie Jane R.
245 _aGood manners program of SISC students /
_cHannie Jane R. Perez.
260 _aLas PiƱas City, Philippines :
_bSouthville International School and Colleges,
_c2014.
300 _a42 p. :
_bill. ;
_c28 cm.
504 _aIncludes bibliographical references.
650 _aManners and customs
_vStudy and teaching.
650 _aMoral education (Elementary).
650 _aCharacter
_vStudy and teaching.
650 _aElementary school students
_vConduct of life.
942 _2lcc
_cPASS
999 _c278618
_d278618